[Event "Mittelfr. EM 2011 - Hauptturnier"]
[Site "Büchenbach"]
[Date "2011.04.19"]
[Round "2.6"]
[White "Hofer, Markus"]
[Black "Heimrath, Reiner"]
[Result "1-0"]
[WhiteElo "2042"]
[BlackElo "2259"]
[PlyCount "175"]
[EventDate "2011.??.??"]
[WhiteTeam "SG Büchenbach/Roth e.V."]
[BlackTeam "SC Noris-Tarrasch Nürnberg 1873"]

1. d4 g6 2. e4 Bg7 3. Nc3 d6 4. Nf3 a6 5. Be3 Nd7 6. Qd2 h6 7. Rd1 e6 8. a4 b6
9. Be2 Bb7 10. h3 Ne7 11. Nh2 Nf6 12. Bf3 d5 13. e5 Nd7 14. Ne2 Nf5 15. Bf4 c5
16. c3 Rc8 17. Bg4 cxd4 18. cxd4 g5 19. Be3 Nxe3 20. Qxe3 h5 21. Bf3 g4 22.
hxg4 hxg4 23. Bxg4 Bh6 24. f4 Qe7 25. Qd2 Rc4 26. b3 Rc6 27. Bf3 Bf8 28. Kf2
Qa3 29. Qd3 Kd8 30. Ng4 Rg8 31. Rc1 Nb8 32. Nf6 Rg7 33. Rxc6 Bxc6 34. Qc2 Qe7
35. Rh8 Kc7 36. Bxd5 Kb7 37. Be4 Qb4 38. Rh3 Bc5 39. dxc5 b5 40. axb5 axb5 41.
Qc3 Qa3 42. b4 Qa2 43. Qf3 Qb2 44. Rh8 Qxb4 45. Rxb8+ Kxb8 46. Bxc6 Qxc5+ 47.
Kf1 Ka7 48. Be4 Ka6 49. Qd3 Ka5 50. Qd8+ Ka4 51. Qd4+ Qxd4 52. Nxd4 b4 53. g4
b3 54. Ke1 Ka3 55. Ne2 Kb4 56. Kd2 Kc4 57. g5 Kb4 58. Bd3 Ka3 59. Kc3 b2 60.
Kc2 Ka2 61. Nc3+ Ka1 62. Nb1 Ka2 63. Nc3+ Ka1 64. Kd1 b1=Q+ 65. Nxb1 Kb2 66.
Kd2 Kb3 67. Nc3 Kb4 68. Nce4 Kb3 69. Ba6 Kb2 70. Bc4 Kb1 71. Kc3 Kc1 72. Bb3
Kb1 73. Nf2 Ka1 74. Nd3 Kb1 75. Bc2+ Ka2 76. Nc1+ Ka3 77. Nb3 Ka2 78. Bd3 Ka3
79. Bb1 Ka4 80. Nd4 Ka3 81. Nb5+ Ka4 82. Kc4 Ka5 83. Kc5 Ka6 84. Nd6 Ka7 85.
Bd3 Kb8 86. Kb6 Ka8 87. Be4+ Kb8 88. Nd7# 1-0

[Event "Mittelfr. EM 2011 - Hauptturnier"]
[Site "Büchenbach"]
[Date "2011.04.19"]
[Round "2.7"]
[White "Luther, Helmut"]
[Black "Stiller, Jürgen"]
[Result "1/2-1/2"]
[WhiteElo "1999"]
[BlackElo "2204"]
[PlyCount "132"]
[EventDate "2011.??.??"]
[WhiteTeam "SW Nürnberg Süd e.V."]
[BlackTeam "SW Nürnberg Süd e.V."]

1. d4 Nf6 2. c4 g6 3. Nc3 Bg7 4. e4 d6 5. f3 e5 6. d5 Nh5 7. Nge2 f5 8. Bd2
Qh4+ 9. g3 Nxg3 10. Nxg3 f4 11. Nce2 fxg3 12. Nxg3 O-O 13. Bg2 Bh6 14. Bxh6
Qxh6 15. Qd2 Qh4 16. O-O a5 17. a3 a4 18. Qc3 Nd7 19. b4 axb3 20. Qxb3 Nc5 21.
Qc3 Bd7 22. Ne2 Qg5 23. Kh1 Ra4 24. Rg1 Qh5 25. Ng3 Qh6 26. Ne2 b5 27. cxb5
Bxb5 28. Bf1 Bxe2 29. Bxe2 Qh4 30. Rg2 Rb8 31. Bd1 Rd4 32. Bc2 Qf4 33. Kg1 Rb7
34. Kh1 Kg7 35. Rf1 Ra7 36. Ra1 Kf7 37. Kg1 Rb7 38. Kh1 Kg7 39. Kg1 Qh6 40. Kh1
Ra7 41. Kg1 Qh3 42. Rg3 Qh4 43. Rg2 Qf4 44. Kh1 Nd7 45. Bb3 Nf6 46. a4 Nh5 47.
a5 Qf7 48. Bc4 Nf4 49. Rf2 c6 50. Bf1 cxd5 51. Qc6 dxe4 52. fxe4 Qb7 53. Qxb7+
Rxb7 54. a6 Ra7 55. Rb2 Ne6 56. Rab1 Kf6 57. Rb7 Ra8 58. Ra1 Nc5 59. Rxh7 Nxa6
60. Rxa6 Rxa6 61. Bxa6 Rxe4 62. Kg2 d5 63. Bb7 Rd4 64. Rd7 Ke6 65. Rg7 Kf6 66.
Rd7 Ke6 1/2-1/2

[Event "Mittelfr. EM 2011 - Hauptturnier"]
[Site "Büchenbach"]
[Date "2011.04.19"]
[Round "2.8"]
[White "Röder, Frank"]
[Black "Rosin, Ralf"]
[Result "1-0"]
[WhiteElo "2189"]
[BlackElo "2049"]
[PlyCount "55"]
[EventDate "2011.??.??"]
[WhiteTeam "SV Altensittenbach"]
[BlackTeam "FSV Großenseebach"]

1. e4 d6 2. d4 Nf6 3. Nc3 g6 4. Bg5 Bg7 5. f4 c6 6. Qd2 O-O 7. Bd3 Qb6 8. Nf3
Bg4 9. e5 dxe5 10. fxe5 Bxf3 11. gxf3 Nfd7 12. Be3 Qa5 13. f4 Nb6 14. h4 Nd5
15. h5 Rd8 16. hxg6 hxg6 17. f5 c5 18. Nxd5 Qxd2+ 19. Bxd2 Rxd5 20. Be4 Rd7 21.
e6 fxe6 22. fxe6 Rc7 23. Bf4 Rc6 24. d5 Rb6 25. Bxg6 Bxb2 26. Bf7+ Kf8 27. Bh6+
Bg7 28. Rg1 1-0

[Event "Mittelfr. EM 2011 - Hauptturnier"]
[Site "Büchenbach"]
[Date "2011.04.19"]
[Round "2.10"]
[White "Meulner, Klaus"]
[Black "Werner, Thomas"]
[Result "1-0"]
[WhiteElo "2119"]
[BlackElo "2019"]
[PlyCount "41"]
[EventDate "2011.??.??"]
[WhiteTeam "SW Nürnberg Süd e.V."]
[BlackTeam "SW Nürnberg Süd e.V."]

1. Nf3 Nf6 2. c4 c6 3. g3 d5 4. Bg2 Nbd7 5. d4 e6 6. O-O Bd6 7. b3 dxc4 8. bxc4
c5 9. Nc3 a6 10. e3 O-O 11. a4 e5 12. Ba3 Rb8 13. Qc2 Qc7 14. d5 g6 15. Nd2 Ne8
16. Nde4 Be7 17. f4 f5 18. d6 Nxd6 19. Nd5 Qd8 20. Nxc5 Rf7 21. Ne6 1-0

[Event "Mittelfr. EM 2011 - Hauptturnier"]
[Site "Büchenbach"]
[Date "2011.04.19"]
[Round "2.11"]
[White "Vasilache, Catalin"]
[Black "Schanz, Karlheinz"]
[Result "1/2-1/2"]
[WhiteElo "2101"]
[BlackElo "1929"]
[PlyCount "126"]
[EventDate "2011.??.??"]
[WhiteTeam "SG Büchenbach/Roth e.V."]
[BlackTeam "SC Mühlhof-Reichelsdorf e.V."]

1. d4 f5 2. c4 Nf6 3. Nc3 d6 4. Nf3 c6 5. g3 Na6 6. Bg2 Nc7 7. O-O g6 8. Nd2
Bg7 9. e4 e6 10. exf5 exf5 11. Re1+ Kf7 12. Qb3 Re8 13. Rxe8 Ncxe8 14. Nf3 Qc7
15. Bf4 Qb6 16. Qc2 Nh5 17. Be3 Qd8 18. Re1 Bf6 19. Qd2 Neg7 20. d5 c5 21. Ng5+
Kg8 22. Nh3 Bd7 23. Nf4 Nxf4 24. Bxf4 Qf8 25. a3 Re8 26. Rxe8 Nxe8 27. b4 b6
28. b5 Qe7 29. Bf1 Qg7 30. Ne2 Be5 31. a4 Bxf4 32. Nxf4 Qa1 33. Qe3 Qe5 34.
Qxe5 dxe5 35. Nd3 e4 36. Ne5 Bc8 37. Nc6 Kf7 38. Nxa7 Bb7 39. f4 exf3 40. Kf2
Kf6 41. Kxf3 Nd6 42. Nc6 Bxc6 43. dxc6 Nc8 44. h4 Ke5 45. Ke3 h6 46. Bg2 g5 47.
hxg5 hxg5 48. Bd5 Kd6 49. Bf7 Kc7 50. Be6 Nd6 51. Kf3 Kb8 52. Ke3 Kc7 53. Kd3
Kb8 54. Kc2 Kc7 55. Kb3 Kb8 56. a5 bxa5 57. Ka4 f4 58. gxf4 gxf4 59. Bd5 f3 60.
Bxf3 Nxc4 61. Be2 Nb6+ 62. Kxa5 Kc7 63. Bf3 Nc4+ 1/2-1/2

[Event "Mittelfr. EM 2011 - Hauptturnier"]
[Site "Büchenbach"]
[Date "2011.04.19"]
[Round "2.12"]
[White "Hauernherm, Wolfgang"]
[Black "Bolten, Daniel"]
[Result "1/2-1/2"]
[WhiteElo "2092"]
[BlackElo "1889"]
[PlyCount "150"]
[EventDate "2011.??.??"]
[WhiteTeam "SV Lauf a.d.P."]
[BlackTeam "SW Nürnberg Süd e.V."]

1. d4 e6 2. Nf3 Nf6 3. Nbd2 d5 4. e3 c5 5. c3 Nc6 6. Bd3 Be7 7. Qe2 cxd4 8.
exd4 Qc7 9. O-O a6 10. Re1 Bd7 11. Ne5 Nxe5 12. dxe5 Ng8 13. Nf3 Bc5 14. Ng5
Bc6 15. Qh5 g6 16. Qh4 O-O-O 17. Be3 Bxe3 18. Rxe3 h5 19. Rae1 Qe7 20. Qf4 Nh6
21. h3 Rd7 22. Nf3 Kb8 23. Nd4 Rc7 24. Rf3 Bd7 25. Qe3 Rcc8 26. Rf6 Nf5 27.
Nxf5 gxf5 28. Qb6 Rc6 29. Qe3 Rcc8 30. Be2 Qf8 31. Rd1 Bc6 32. Rd4 Qg7 33. h4
Rh7 34. g3 Qf8 35. Rb4 a5 36. Rb6 Qd8 37. Qc5 d4 38. Qxd4 Qxd4 39. cxd4 Rd8 40.
Rb3 Rxd4 41. Kf1 Kc7 42. f4 Ra4 43. a3 Rd4 44. Kf2 Rd2 45. Ke1 Rc2 46. Kd1 Rc5
47. Kd2 Bd5 48. Re3 Be4 49. Rc3 Kc6 50. a4 Rxc3 51. bxc3 Kc5 52. Ke3 Bc6 53.
Bd1 Kc4 54. Kd2 b6 55. Bc2 Kc5 56. Kc1 b5 57. axb5 Bxb5 58. Kb2 a4 59. Bd1 Be8
60. Ka3 Kc4 61. Bxa4 Bxa4 62. Kxa4 Rg7 63. Rh6 f6 64. Ka5 fxe5 65. fxe5 Kc5 66.
Ka4 Rxg3 67. Rxe6 Kd5 68. Rh6 Rxc3 69. e6 Kd6 70. Kb4 Re3 71. Rxh5 Kxe6 72. Kc4
Ke5 73. Rh8 Rh3 74. h5 f4 75. h6 Kf6 1/2-1/2

[Event "Mittelfr. EM 2011 - Hauptturnier"]
[Site "Büchenbach"]
[Date "2011.04.19"]
[Round "2.13"]
[White "Wagner, Florian"]
[Black "Keller, Werner"]
[Result "1-0"]
[WhiteElo "2258"]
[BlackElo "1693"]
[PlyCount "43"]
[EventDate "2011.??.??"]
[WhiteTeam "SC Noris-Tarrasch Nürnberg 1873"]
[BlackTeam "SW Nürnberg Süd e.V."]

1. e4 d6 2. d4 g6 3. Nc3 Bg7 4. h3 h5 5. Be3 a6 6. a4 b6 7. g3 Bb7 8. Bg2 Nd7
9. Nge2 c5 10. O-O Ngf6 11. e5 Bxg2 12. exf6 Bxf6 13. Kxg2 Qc7 14. Qd2 cxd4 15.
Bxd4 h4 16. Bxf6 Nxf6 17. g4 e5 18. Rad1 Qc6+ 19. f3 O-O-O 20. Nd5 Nxd5 21.
Qxd5 Qd7 22. Qa8+ 1-0

[Event "Mittelfr. EM 2011 - Hauptturnier"]
[Site "Büchenbach"]
[Date "2011.04.19"]
[Round "2.14"]
[White "Eiber, Manfred"]
[Black "Schlötterer, Hermann"]
[Result "1-0"]
[WhiteElo "2186"]
[BlackElo "1971"]
[PlyCount "69"]
[EventDate "2011.??.??"]
[WhiteTeam "SW Nürnberg Süd e.V."]
[BlackTeam "SC Noris-Tarrasch Nürnberg 1873"]

1. d4 Nf6 2. Bg5 c5 3. d5 Ne4 4. Bc1 g6 5. f3 Nf6 6. e4 d6 7. Nc3 a6 8. a4 Bg7
9. Be3 O-O 10. Qd2 Re8 11. Bh6 Bh8 12. h4 Nh5 13. g4 Ng3 14. Rh3 Nxf1 15. Kxf1
e5 16. h5 Nd7 17. Nge2 Rb8 18. Kg2 b5 19. axb5 axb5 20. Rah1 b4 21. Nd1 Re7 22.
Ng3 Bf6 23. Bg5 Ba6 24. Bxf6 Nxf6 25. Qg5 Rc7 26. Nf5 Ne8 27. Nh6+ Kf8 28. Qe3
Bc8 29. Nxf7 Rxf7 30. hxg6 hxg6 31. Rh8+ Ke7 32. R1h7 Qd7 33. Qh6 Nf6 34. Rxf7+
Kxf7 35. Qf8# 1-0

[Event "Mittelfr. EM 2011 - Hauptturnier"]
[Site "Büchenbach"]
[Date "2011.04.19"]
[Round "2.15"]
[White "Pokorny, Klaus"]
[Black "Erlbeck, Peter"]
[Result "1/2-1/2"]
[WhiteElo "1961"]
[BlackElo "2105"]
[PlyCount "91"]
[EventDate "2011.??.??"]
[WhiteTeam "TSV Kirchehrenbach"]
[BlackTeam "SW Nürnberg Süd e.V."]

1. c4 e5 2. Nc3 Nc6 3. g3 f5 4. Bg2 Nf6 5. e3 g6 6. Nge2 Bg7 7. O-O O-O 8. d4
d6 9. Bxc6 bxc6 10. dxe5 dxe5 11. Qxd8 Rxd8 12. b3 Be6 13. Ba3 Kf7 14. Rad1 Ke8
15. Rxd8+ Rxd8 16. Rd1 Nd7 17. Na4 Nb6 18. Rxd8+ Kxd8 19. Nc5 Bc8 20. Bb2 Bf8
21. Nd3 e4 22. Ne5 c5 23. Nc6+ Kd7 24. Nxa7 Ba6 25. Nb5 Bxb5 26. cxb5 c4 27.
bxc4 Nxc4 28. Bd4 Na3 29. Nc3 Bb4 30. Nd5 Ba5 31. Nf6+ Ke6 32. b6 Bxb6 33. Bxb6
cxb6 34. Nxh7 Kf7 35. f3 exf3 36. Ng5+ Kf6 37. Nxf3 Nb1 38. Nd4 Nc3 39. a3 Nd1
40. Nc2 Ke5 41. Kf1 Ke4 42. Ke2 Nc3+ 43. Kd2 Nd5 44. Ke2 Nc3+ 45. Kd2 Nd5 46.
Ke2 1/2-1/2

[Event "Mittelfr. EM 2011 - Hauptturnier"]
[Site "Büchenbach"]
[Date "2011.04.19"]
[Round "2.16"]
[White "Leopold, Christian"]
[Black "Alt, Norbert"]
[Result "0-1"]
[WhiteElo "2057"]
[BlackElo "1880"]
[PlyCount "112"]
[EventDate "2011.??.??"]
[WhiteTeam "SV Lauf a.d.P."]
[BlackTeam "FC Pleinfeld VfL"]

1. d4 d5 2. c4 Nc6 3. cxd5 Qxd5 4. e3 e5 5. Nc3 Bb4 6. Bd2 Bxc3 7. Bxc3 exd4 8.
Ne2 Nf6 9. Nxd4 O-O 10. Qf3 Qxf3 11. gxf3 Nxd4 12. Bxd4 Nd5 13. O-O-O Nb6 14.
Rg1 g6 15. h4 Be6 16. Kb1 Rfd8 17. Be2 Rd5 18. e4 Rd7 19. Bf6 Rxd1+ 20. Rxd1
Nd7 21. Bc3 a6 22. h5 b5 23. Rg1 c5 24. a3 Rb8 25. f4 Kf8 26. Bd3 Ke7 27. hxg6
hxg6 28. Re1 Kd8 29. Ba5+ Kc8 30. e5 Nb6 31. Be4 Nc4 32. Bc3 b4 33. axb4 cxb4
34. Bd4 Nd2+ 35. Kc2 Nxe4 36. Rxe4 Bf5 37. f3 Bxe4+ 38. fxe4 Kd7 39. Kb3 Kc6
40. Ka4 Rd8 41. Ba7 Rd2 42. Kxb4 Rxb2+ 43. Kc3 Rb7 44. Bd4 a5 45. Kc2 a4 46.
Bb2 Kc5 47. f5 gxf5 48. exf5 Kd5 49. Ba1 Re7 50. e6 fxe6 51. fxe6 Rxe6 52. Kb2
Re3 53. Ka2 Kc4 54. Bf6 Kb4 55. Bg7 Re2+ 56. Kb1 Kb3 0-1

[Event "Mittelfr. EM 2011 - Hauptturnier"]
[Site "Büchenbach"]
[Date "2011.04.19"]
[Round "2.17"]
[White "Wörl, Richard"]
[Black "Häßlein, Rainer"]
[Result "1-0"]
[WhiteElo "2005"]
[BlackElo "1552"]
[PlyCount "63"]
[EventDate "2011.??.??"]
[WhiteTeam "SW Nürnberg Süd e.V."]
[BlackTeam "SAbt Wolframs-Eschenbach"]

1. e4 e5 2. Nf3 Nc6 3. d4 exd4 4. Nxd4 Bc5 5. Nxc6 bxc6 6. Bd3 d6 7. O-O h6 8.
Qe2 Nf6 9. Be3 Bb6 10. Nd2 O-O 11. Nc4 Re8 12. f3 d5 13. Nd2 c5 14. c4 d4 15.
Bf2 Nh5 16. Bg3 f5 17. f4 Nxg3 18. hxg3 Ba5 19. e5 Bxd2 20. Qxd2 Rb8 21. b3 Rb6
22. Qc2 Rf8 23. g4 fxg4 24. g3 Bb7 25. Rae1 h5 26. f5 Rh6 27. f6 h4 28. Qf2
hxg3 29. Qxg3 Rh1+ 30. Kf2 Rh3 31. Qxg4 Rxd3 32. Qxg7# 1-0

[Event "Mittelfr. EM 2011 - Hauptturnier"]
[Site "Büchenbach"]
[Date "2011.04.20"]
[Round "3.1"]
[White "Hirn, Oskar"]
[Black "Walter, Thomas"]
[Result "1-0"]
[WhiteElo "2243"]
[BlackElo "2158"]
[PlyCount "81"]
[EventDate "2011.??.??"]
[WhiteTeam "SC Noris-Tarrasch Nürnberg 1873"]
[BlackTeam "SC Erlangen 48/88 e.V."]

1. c4 b6 2. Nc3 c5 3. Nf3 Bb7 4. d4 cxd4 5. Nxd4 g6 6. e4 Bg7 7. Be3 d6 8. Be2
Nf6 9. f3 Nbd7 10. O-O O-O 11. Rc1 Rc8 12. b3 Qc7 13. Nd5 Nxd5 14. cxd5 Qb8 15.
Qd2 Rxc1 16. Rxc1 Rc8 17. Nc6 Bxc6 18. dxc6 Nc5 19. b4 Ne6 20. a4 Rc7 21. Qd5
Qc8 22. f4 Bh6 23. g3 Nd8 24. b5 Qh3 25. Qd1 Qe6 26. Qd5 Qh3 27. Rc2 Bf8 28.
Bf1 Qh6 29. e5 Ne6 30. Bc4 dxe5 31. Qxe5 Bg7 32. Qe4 Nc5 33. Bxc5 bxc5 34. Qd5
Bd4+ 35. Kg2 Qf8 36. f5 Rc8 37. a5 Rd8 38. Qf3 Rd6 39. fxg6 hxg6 40. Qxf7+ Qxf7
41. Bxf7+ 1-0

[Event "Mittelfr. EM 2011 - Hauptturnier"]
[Site "Büchenbach"]
[Date "2011.04.20"]
[Round "3.3"]
[White "Meulner, Klaus"]
[Black "Röder, Gerd"]
[Result "1/2-1/2"]
[WhiteElo "2119"]
[BlackElo "2237"]
[PlyCount "22"]
[EventDate "2011.??.??"]
[WhiteTeam "SW Nürnberg Süd e.V."]
[BlackTeam "SV Altensittenbach"]

1. Nf3 d5 2. c4 c6 3. g3 Nf6 4. Bg2 Bf5 5. cxd5 cxd5 6. Qb3 Qb6 7. Nc3 Qxb3 8.
axb3 Nc6 9. d3 e6 10. O-O Be7 11. Bf4 O-O 1/2-1/2

[Event "Mittelfr. EM 2011 - Hauptturnier"]
[Site "Büchenbach"]
[Date "2011.04.20"]
[Round "3.4"]
[White "Saathoff, Richard"]
[Black "Hofer, Markus"]
[Result "1/2-1/2"]
[WhiteElo "2146"]
[BlackElo "2042"]
[PlyCount "58"]
[EventDate "2011.??.??"]
[WhiteTeam "SW Nürnberg Süd e.V."]
[BlackTeam "SG Büchenbach/Roth e.V."]

1. e4 Nf6 2. Nc3 d5 3. e5 d4 4. Nce2 Ng4 5. f4 Nc6 6. Ng3 Qd5 7. Nf3 g5 8. Nxg5
Bh6 9. e6 Bxe6 10. Nxe6 Qxe6+ 11. Qe2 Bxf4 12. Qxe6 Bxg3+ 13. hxg3 fxe6 14. Be2
Nf6 15. d3 Kd7 16. Bd2 Rag8 17. Rh3 Rg6 18. Kf2 e5 19. Bf3 Rf8 20. Re1 Kd6 21.
Kg1 Nd8 22. b4 c6 23. c4 Nf7 24. c5+ Ke6 25. Rh4 Kf5 26. Rf1 Ke6 27. Re1 Kf5
28. Rf1 Ke6 29. Re1 Kf5 1/2-1/2

[Event "Mittelfr. EM 2011 - Hauptturnier"]
[Site "Büchenbach"]
[Date "2011.04.20"]
[Round "3.5"]
[White "Stiller, Jürgen"]
[Black "Leis, Stefan"]
[Result "1-0"]
[WhiteElo "2204"]
[BlackElo "1922"]
[PlyCount "73"]
[EventDate "2011.??.??"]
[WhiteTeam "SW Nürnberg Süd e.V."]
[BlackTeam "SC Mühlhof-Reichelsdorf e.V."]

1. d4 f5 2. Bg5 h6 3. Bh4 g5 4. e3 Nf6 5. Bg3 Bg7 6. Be5 e6 7. h4 d6 8. Bxf6
Qxf6 9. hxg5 Qxg5 10. Nh3 Qe7 11. Nf4 Qf7 12. Be2 Qf6 13. Bh5+ Kd8 14. Nc3 Nc6
15. Qe2 Bd7 16. O-O-O Kc8 17. d5 Ne7 18. dxe6 Bxe6 19. Bf3 Bf7 20. Qb5 c6 21.
Qb4 Rd8 22. g4 a5 23. Qa3 Kc7 24. gxf5 Qxf5 25. Rhg1 Bh8 26. Ne4 Nd5 27. Ng3
Qe5 28. Bxd5 cxd5 29. Nge2 Ra6 30. Nd4 Rg8 31. Rxg8 Bxg8 32. Ng6 Qf6 33. Nxh8
Qxh8 34. Qc3+ Kb6 35. Qc8 Qh7 36. Rg1 Bf7 37. Qf8 1-0

[Event "Mittelfr. EM 2011 - Hauptturnier"]
[Site "Büchenbach"]
[Date "2011.04.20"]
[Round "3.6"]
[White "Fischer, Gerd"]
[Black "Wagner, Florian"]
[Result "0-1"]
[WhiteElo "2078"]
[BlackElo "2258"]
[PlyCount "84"]
[EventDate "2011.??.??"]
[WhiteTeam "FC Gunzenhausen 1910 e.V"]
[BlackTeam "SC Noris-Tarrasch Nürnberg 1873"]

1. Nf3 c5 2. b3 Nf6 3. Bb2 Nc6 4. c4 d5 5. cxd5 Qxd5 6. Nc3 Qd7 7. g3 b6 8. Bg2
Bb7 9. O-O e5 10. d3 Bd6 11. Nb5 Bb8 12. Na3 O-O 13. Nc4 Re8 14. a4 Bc7 15. Bc3
Rad8 16. Nfd2 Nd5 17. Bb2 Qc8 18. Ne3 Ndb4 19. Nc2 Nd5 20. Re1 Nd4 21. Nxd4
exd4 22. Rc1 Re7 23. Nc4 f5 24. e4 dxe3 25. fxe3 Nb4 26. Bf1 Qd7 27. e4 fxe4
28. dxe4 Qxd1 29. Rcxd1 Rxd1 30. Rxd1 Bxe4 31. Re1 Nc6 32. Nd2 Bd5 33. Rxe7
Nxe7 34. Bd3 g6 35. g4 Bf4 36. Nc4 Kf7 37. h4 Nc6 38. h5 Bf3 39. hxg6+ hxg6 40.
a5 b5 41. Na3 a6 42. Kf2 Bxg4 0-1

[Event "Mittelfr. EM 2011 - Hauptturnier"]
[Site "Büchenbach"]
[Date "2011.04.20"]
[Round "3.7"]
[White "Wittmann, Helmut"]
[Black "Eiber, Manfred"]
[Result "1-0"]
[WhiteElo "2077"]
[BlackElo "2186"]
[PlyCount "89"]
[EventDate "2011.??.??"]
[WhiteTeam "BSG Wöhrlhaus Erlangen"]
[BlackTeam "SW Nürnberg Süd e.V."]

1. d4 Nf6 2. Nf3 e6 3. c4 b6 4. g3 Ba6 5. Qa4 Bb7 6. Bg2 Be7 7. O-O O-O 8. Nc3
Ne4 9. Nxe4 Bxe4 10. Rd1 d6 11. Be3 a6 12. Rac1 Nd7 13. d5 Bxf3 14. exf3 e5 15.
f4 exf4 16. Bxf4 Nc5 17. Qc6 a5 18. b3 Bf6 19. Be3 Ra7 20. Rb1 Qd7 21. a3 Re8
22. b4 axb4 23. axb4 Qxc6 24. dxc6 Na4 25. Re1 Nc3 26. Bxb6 Raa8 27. Bxc7 Nxb1
28. Rxb1 Bd4 29. Bxd6 Ra2 30. c7 Bxf2+ 31. Kh1 Bb6 32. Bd5 Rd2 33. Rf1 Bf2 34.
Bf4 Rb2 35. Bb7 Rxb4 36. c8=Q Rxc8 37. Bxc8 Rxc4 38. Bb7 Bd4 39. Bd5 Ra4 40.
Bb3 Ra7 41. Rd1 Bf6 42. Be5 Be7 43. Rc1 Ra8 44. Rc7 Kf8 45. Bxg7+ 1-0

[Event "Mittelfr. EM 2011 - Hauptturnier"]
[Site "Büchenbach"]
[Date "2011.04.20"]
[Round "3.8"]
[White "Rausch, Wolfgang jr"]
[Black "Wörl, Richard"]
[Result "1/2-1/2"]
[WhiteElo "2182"]
[BlackElo "2005"]
[PlyCount "133"]
[EventDate "2011.??.??"]
[WhiteTeam "SC Noris-Tarrasch Nürnberg 1873"]
[BlackTeam "SW Nürnberg Süd e.V."]

1. Nf3 Nf6 2. d4 d5 3. c4 e6 4. Bg5 Be7 5. e3 O-O 6. Nbd2 b6 7. Bd3 Bb7 8. O-O
Ne4 9. Bxe7 Qxe7 10. Qc2 f5 11. Rac1 c6 12. Ne5 Nxd2 13. Qxd2 Nd7 14. Nxd7 Qxd7
15. c5 e5 16. dxe5 bxc5 17. Rxc5 Qe7 18. Qb4 a5 19. Qd4 f4 20. exf4 Rxf4 21.
Qxf4 Qxc5 22. Rc1 Qe7 23. Qd4 Qb4 24. Qe3 Ba6 25. Bxa6 Rxa6 26. e6 Qe7 27. Qe5
Rb6 28. g3 h6 29. Kg2 Qf6 30. Qxf6 gxf6 31. b3 Kf8 32. f4 Ke7 33. f5 Kd6 34.
Re1 Ke7 35. Rf1 Kd6 36. Rf4 Ke5 37. Kf3 c5 38. g4 Kd6 39. Ke3 d4+ 40. Kd3 a4
41. Kc2 Rb8 42. Rf2 Kd5 43. Re2 axb3+ 44. axb3 c4 45. bxc4+ Kxc4 46. Re4 Kd5
47. Re1 Kc4 48. Ra1 d3+ 49. Kd1 Kd4 50. e7 Ke3 51. h3 Re8 52. Ra6 Kf4 53. Rxf6
Rxe7 54. Rxh6 Re2 55. Re6 Rf2 56. Re1 Rf3 57. f6 Kg5 58. f7 Rxf7 59. Re3 Rf2
60. Rxd3 Kh4 61. Ke1 Rg2 62. Kf1 Ra2 63. Rf3 Rb2 64. Kg1 Ra2 65. Rf2 Ra3 66.
Rg2 Kxh3 67. Rh2+ 1/2-1/2

[Event "Mittelfr. EM 2011 - Hauptturnier"]
[Site "Büchenbach"]
[Date "2011.04.20"]
[Round "3.9"]
[White "Strobel, Norbert"]
[Black "Vasilache, Catalin"]
[Result "1-0"]
[WhiteElo "2008"]
[BlackElo "2101"]
[PlyCount "141"]
[EventDate "2011.??.??"]
[WhiteTeam "SK Zirndorf e.V."]
[BlackTeam "SG Büchenbach/Roth e.V."]

1. d4 Nf6 2. Nf3 e6 3. e3 b6 4. Bd3 Bb7 5. O-O d5 6. Ne5 Bd6 7. f4 O-O 8. Nd2
c5 9. c3 Ne4 10. Nxe4 dxe4 11. Be2 f6 12. Nc4 Be7 13. a4 Nd7 14. Qc2 Rc8 15. b3
Re8 16. Rd1 Qc7 17. Ba3 Rcd8 18. Bg4 Nf8 19. Rd2 cxd4 20. cxd4 Bxa3 21. Nxa3
Qe7 22. Nc4 Bd5 23. Be2 Rc8 24. Qb2 Rc7 25. g3 Rd8 26. Kf2 Nd7 27. Rc2 Nb8 28.
Rac1 Rdc8 29. b4 Nc6 30. Nd2 Nd8 31. b5 Nf7 32. Rxc7 Rxc7 33. Rxc7 Qxc7 34. Qb4
Nd6 35. Nb1 Kf7 36. Nc3 f5 37. Nxd5 exd5 38. Qb3 Ke6 39. g4 g6 40. g5 Qc1 41.
Qd1 Qb2 42. Qf1 Kf7 43. h4 Ne8 44. Qe1 Ng7 45. a5 Ne6 46. axb6 axb6 47. Qd1 Qc3
48. Qa4 Qc7 49. Qa2 Qd7 50. Qa8 Qd8 51. Qc6 Ke7 52. Bd1 Qd6 53. Qb7+ Nc7 54.
Be2 Kd7 55. Qb8 Ne8 56. Qa8 Nc7 57. Qg8 Qe7 58. h5 gxh5 59. Bxh5 Nxb5 60. Qxd5+
Nd6 61. Be2 Qf7 62. Qa8 Kc7 63. Qa7+ Kc6 64. Qxf7 Nxf7 65. Bc4 Nd8 66. Bg8 b5
67. Ke2 Kd6 68. Bxh7 Ke6 69. Bg8+ Ke7 70. Bd5 Kf8 71. Kd2 1-0

[Event "Mittelfr. EM 2011 - Hauptturnier"]
[Site "Büchenbach"]
[Date "2011.04.20"]
[Round "3.10"]
[White "Schanz, Karlheinz"]
[Black "Miller, Eduard"]
[Result "0-1"]
[WhiteElo "1929"]
[BlackElo "2098"]
[PlyCount "172"]
[EventDate "2011.??.??"]
[WhiteTeam "SC Mühlhof-Reichelsdorf e.V."]
[BlackTeam "SC Forchheim e.V."]

1. e4 c5 2. Nc3 Nc6 3. g3 g6 4. Bg2 Bg7 5. Nge2 Nf6 6. O-O O-O 7. d3 Rb8 8. Rb1
b5 9. Bf4 d6 10. Qd2 b4 11. Nd5 Qa5 12. a3 Nxd5 13. exd5 Ne5 14. axb4 Qxb4 15.
Qxb4 Rxb4 16. Bd2 Rb6 17. Bc3 Bg4 18. f3 Bc8 19. Rfe1 Bb7 20. f4 Ng4 21. Bxg7
Kxg7 22. Nc3 Re8 23. b3 Nf6 24. Rbd1 Kf8 25. Ra1 a6 26. Ra4 Rc8 27. Raa1 Rb4
28. Rad1 Rc7 29. Rd2 h5 30. Rf2 Bc8 31. h3 Ng8 32. Kh2 Nh6 33. Be4 Bd7 34. Nd1
h4 35. Ne3 hxg3+ 36. Kxg3 f5 37. Bg2 Ng8 38. h4 Nf6 39. Bf3 Rc8 40. Bd1 Kf7 41.
Rh1 Rh8 42. Nc4 Nxd5 43. Bf3 Nf6 44. Re1 Rbb8 45. Rfe2 Rhe8 46. Ne3 e6 47. Nc4
Ke7 48. Rd2 Bb5 49. Ne3 Nh5+ 50. Bxh5 gxh5 51. Nxf5+ Kd7 52. Ne3 Rg8+ 53. Kh2
Rbf8 54. Rf1 d5 55. f5 d4 56. fxe6+ Kxe6 57. Rxf8 Rxf8 58. Nd1 Rf4 59. Nf2 Bc6
60. Kg3 Rf3+ 61. Kh2 Kf5 62. Re2 Re3 63. Rd2 Kf4 64. Nh3+ Kg4 65. Ng1 Kxh4 66.
Rf2 Kg4 67. Rf6 Bf3 68. Rg6+ Kf5 69. Rxa6 Bd1 70. Ra5 Re5 71. Ra2 Kf4 72. Kg2
Ke3 73. Nh3 Rf5 74. Ra5 Bf3+ 75. Kg1 Bg4 76. Kh2 Kd2 77. b4 cxb4 78. Ra4 Kxc2
79. Rxb4 Kxd3 80. Rb2 Kc3 81. Ra2 Bxh3 82. Kxh3 d3 83. Ra3+ Kc2 84. Ra2+ Kb3
85. Rg2 Rd5 86. Kh4 d2 0-1

[Event "Mittelfr. EM 2011 - Hauptturnier"]
[Site "Büchenbach"]
[Date "2011.04.20"]
[Round "3.11"]
[White "Alt, Norbert"]
[Black "Hauernherm, Wolfgang"]
[Result "0-1"]
[WhiteElo "1880"]
[BlackElo "2092"]
[PlyCount "64"]
[EventDate "2011.??.??"]
[WhiteTeam "FC Pleinfeld VfL"]
[BlackTeam "SV Lauf a.d.P."]

1. d4 Nf6 2. Bg5 g6 3. Bxf6 exf6 4. e3 f5 5. Bd3 Bg7 6. Ne2 O-O 7. Nd2 d6 8. c3
Nd7 9. Nf4 Nf6 10. Qe2 a6 11. O-O-O b5 12. h4 c5 13. dxc5 dxc5 14. Ne4 fxe4 15.
Bxe4 Qxd1+ 16. Qxd1 Nxe4 17. Qd5 Bf5 18. g4 Nf6 19. Qxc5 Nxg4 20. Rf1 Rfc8 21.
Qb6 b4 22. Qxb4 Bxc3 23. bxc3 Rab8 24. Qa5 Rb5 25. Qxa6 Rxc3+ 26. Kd1 Rb1+ 27.
Ke2 Rc2+ 28. Kf3 Rxf1 29. Nh3 Ne5+ 30. Kg3 Bxh3 31. Kxh3 Rfxf2 32. Qa8+ Kg7 0-1

[Event "Mittelfr. EM 2011 - Hauptturnier"]
[Site "Büchenbach"]
[Date "2011.04.20"]
[Round "3.12"]
[White "Bolten, Daniel"]
[Black "Mättig, Stefan"]
[Result "1/2-1/2"]
[WhiteElo "1889"]
[BlackElo "2088"]
[PlyCount "82"]
[EventDate "2011.??.??"]
[WhiteTeam "SW Nürnberg Süd e.V."]
[BlackTeam "SC Noris-Tarrasch Nürnberg 1873"]

1. d4 Nf6 2. Bg5 g6 3. Bxf6 exf6 4. h4 d5 5. e3 Qd6 6. c3 Bf5 7. Ne2 Nc6 8. Ng3
Bxb1 9. Rxb1 Bh6 10. Ne2 O-O 11. g3 Rae8 12. Qd3 a5 13. Kd2 a4 14. Bg2 Na5 15.
b3 Qa3 16. Qc2 c6 17. Nf4 Bxf4 18. gxf4 axb3 19. axb3 b5 20. Bf1 b4 21. cxb4
Qxb4+ 22. Qc3 Rb8 23. Kc2 Qb6 24. Bd3 Rfc8 25. b4 Nb7 26. Kd2 Nd6 27. Qc5 Qd8
28. Ke2 Qd7 29. Rhg1 Ra8 30. Ra1 Ne4 31. Bxe4 dxe4 32. f5 Kg7 33. Ra5 Rxa5 34.
bxa5 Rb8 35. Rc1 Rb5 36. Qxc6 Qxf5 37. a6 Qf3+ 38. Ke1 Rb2 39. Rc2 Rb1+ 40. Rc1
Rb2 41. Rc2 Rb1+ 1/2-1/2

[Event "Mittelfr. EM 2011 - Hauptturnier"]
[Site "Büchenbach"]
[Date "2011.04.20"]
[Round "3.13"]
[White "Heimrath, Reiner"]
[Black "Luther, Helmut"]
[Result "1-0"]
[WhiteElo "2259"]
[BlackElo "1999"]
[PlyCount "35"]
[EventDate "2011.??.??"]
[WhiteTeam "SC Noris-Tarrasch Nürnberg 1873"]
[BlackTeam "SW Nürnberg Süd e.V."]

1. e4 d5 2. Nc3 dxe4 3. Nxe4 g6 4. Bc4 Bg7 5. Nf3 Nf6 6. Neg5 e6 7. d4 O-O 8.
Qd3 Nc6 9. Be3 Na5 10. O-O-O Nxc4 11. Qxc4 Ng4 12. h4 Nxe3 13. fxe3 Qd5 14.
Qxc7 Qxa2 15. h5 h6 16. hxg6 fxg6 17. Rxh6 Bd7 18. Rxg6 1-0